The investment property forum consensus forecast survey of independent forecasts for UK property (Record no. 108704)
[ view plain ]
| 000 -LEADER | |
|---|---|
| fixed length control field | 01206cad a22002175a 4500 |
| 001 - CONTROL NUMBER | |
| control field | L145165 |
| 008 - FIXED-LENGTH DATA ELEMENTS--GENERAL INFORMATION | |
| fixed length control field | 080911s2008 xxkad f s 000 0 eng d |
| 035 ## - SYSTEM CONTROL NUMBER | |
| System control number | (Sirsi) u145165 |
| 041 0# - LANGUAGE CODE | |
| Language code of text/sound track or separate title | eng |
| 050 04 - LIBRARY OF CONGRESS CALL NUMBER | |
| Classification number | 333.32 $2 22 |
| 110 2# - MAIN ENTRY--CORPORATE NAME | |
| Corporate name or jurisdiction name as entry element | Investment Property Forum |
| 9 (RLIN) | 2112 |
| 245 04 - TITLE STATEMENT | |
| Title | The investment property forum consensus forecast survey of independent forecasts for UK property |
| Remainder of title | summary report |
| Medium | [electronic resource] |
| 260 ## - PUBLICATION, DISTRIBUTION, ETC. | |
| Place of publication, distribution, etc. | London |
| Name of publisher, distributor, etc. | IPF |
| Date of publication, distribution, etc. | 2008 |
| 520 ## - SUMMARY, ETC. | |
| Summary, etc. | The consensus All Property total return forecast for 2008 has seen its largest cut ever, falling from -5.2% to -10.6%. Capital value growth forecasts have also been slashed from -10.2% to -15.7%, which means that more negative yield shifts are likely before the year end. Overall, the significant downward revisions in forecasts across all sectors in the three previous quarters are further reinforced this quarter. |
| 590 ## - LOCAL NOTE (RLIN) | |
| Local note | KA NTK |
| 650 24 - SUBJECT ADDED ENTRY--TOPICAL TERM | |
| Topical term or geographic name entry element | IPF CONSENSUS FORECAST SURVEY |
| 651 #4 - SUBJECT ADDED ENTRY--GEOGRAPHIC NAME | |
| Geographic name | United Kingdom |
| Chronological subdivision | |
| 690 ## - LOCAL SUBJECT ADDED ENTRY--TOPICAL TERM (OCLC, RLIN) | |
| Topical term or geographic name as entry element | PROPERTY-COMMERCIAL PROPERTY-COMMERCIAL PROPERTY MARKET |
| 856 40 - ELECTRONIC LOCATION AND ACCESS | |
| Uniform Resource Identifier | <a href="https://www.ipf.org.uk/membersarea/downloads/listings1.asp?pid=294 /">https://www.ipf.org.uk/membersarea/downloads/listings1.asp?pid=294 /</a> |
| Public note | View this item free of charge at www.ipf.org.uk... |
| 942 ## - ADDED ENTRY ELEMENTS (KOHA) | |
| Suppress in OPAC | 0 |
| Withdrawn status | Lost status | Source of classification or shelving scheme | Damaged status | Not for loan | Home library | Current library | Shelving location | Date acquired | Total Checkouts | Full call number | Barcode | Date last seen | Copy number | Price effective from | Koha item type |
|---|---|---|---|---|---|---|---|---|---|---|---|---|---|---|---|
| Dewey Decimal Classification | Virtual | Virtual | Online | 11/09/2008 | ONLINE PUBLICATION | 145165-1001 | 06/08/2019 | 1 | 06/08/2019 | Book |